Paroles - Risk it all, Bruno Mars - Statistiques

Statistiques générales
  • Ce quiz a été pris 56 fois
  • Le résultat moyen est 161 sur 209
Statistiques - réponses
Paroles % Correct
a
100%
all
96%
For
96%
for
96%
I
96%
i
96%
it
96%
risk
96%
You
96%
you
96%
the
92%
to
92%
To
92%
be
88%
do
88%
me
88%
and
83%
anything
83%
ask
83%
heart
83%
no
83%
your
83%
but
79%
chance
79%
could
79%
crazy
79%
just
79%
nothing
79%
on
79%
true
79%
win
79%
won't
79%
would
79%
by
75%
hand
75%
hold
75%
It's
75%
it's
75%
mine
75%
man
71%
stars
71%
take
71%
There's
71%
there's
71%
fire
67%
I'll
67%
moon
67%
run
67%
Say
67%
time
67%
want
67%
bar
63%
beyond
63%
call
63%
end
63%
fly
63%
I'd
63%
i'd
63%
learn
63%
of
63%
side
63%
Watch
63%
climb
58%
in
58%
that
58%
wouldn't
58%
Ain't
54%
go
54%
I'm
54%
life
54%
mountain
54%
my
54%
belong
50%
if
50%
Oh
50%
point
50%
through
50%
arms
46%
line
46%
sea
46%
set
46%
prove
42%
Sacrifice
42%
show
42%
swim
42%
till
42%
across
38%
heart's
38%
here
33%
tryna
29%
Aucun quiz correspondant
Distribution des résultats
% des personnes avec chaque résultat
Percentile par nombre de réponses
Votre historique - résultats
Vous n’avez pas pris ce quiz